Elbinger Kodex des lübischen Rechts
| Titel: | Elbinger Kodex des lübischen Rechts / Albrecht Cordes |
|---|---|
| Verfasser: | |
| In: |
Faszination Stadt, (2019), Seite 160-161 alle Artikel anzeigen |
| Veröffentlicht: | 2019 |
| Umfang: | 1 Illustration |
| Format: | Aufsatz |
| Sprache: | Deutsch |
X
alg: 47835354 001A $03025:21-04-21 001B $01999:10-05-21 $t09:13:16.000 001D $03025:21-04-21 001U $0utf8 001X $00 002@ $0Aou 002C $aText $btxt $2rdacontent 002D $aohne Hilfsmittel zu benutzen $bn $2rdamedia 002E $aBand $bnc $2rdacarrier 003@ $0478353545 007A $0478353545 $aHEB 010@ $ager 010E $erda 011@ $a2019 021A $aElbinger Kodex des lübischen Rechts $hAlbrecht Cordes 028A $BVerfasser $#Cordes, A. $4aut $7132681226 $8Cordes, Albrecht$Z1958- [Tp3] $9184760569 031A $h160-161 $j2019 034M $a1 Illustration 039B $aEnthalten in $8--Aau--. Faszination Stadt. - Dresden : Sandstein Verlag, [2019]. - 807 Seiten. - Illustrationen, Karten. - ISBN 978-3-95498-453-4 $x201900000000000840 $9450579158 044K $RElbing $#Elbing $#Elbing Elbląg $71028071-6 $8Elbląg [Tg1] $9042042631 044K $RStadtrecht $#Lübecker Recht $#Lübisches Stadtrecht $#Lübecker Stadtrecht $74491803-3 $8Lübisches Recht [Ts1] $9089116305 045R $aGeschichte 1225-1270 lok: 47835354 78 exp: 47835354 78 1 #EPN 201B/01 $021-04-21 $t16:07:13.000 201C/01 $021-04-21 201U/01 $0utf8 203@/01 $0115008524X 208@/01 $a21-04-21 $be 209A/01 $a/ $f000 $x00 209A/01 $ab*p $x01 220C/01 $apgar 244Z/01 $#Preußen $#Preußen $#Brandenburg-Preußen $#Königreich Preußen $#Preußische Staaten $#Preußischer Staat $#Der @Preußische Staat $#Königlich Preußische Staaten $#Prusy Królewskie $#Königlich Preußen $#Prussia $74047194-9 $8--Tg1--Preußen $x01 $9085131652 247C/01 $82080>Marburg/Lahn, Herder-Institut, Forschungsbibliothek, Bibliographieportal $9336309341
| LEADER | 00000caa a2200000 c 4500 | ||
|---|---|---|---|
| 001 | 478353545 | ||
| 003 | DE-603 | ||
| 005 | 20210510091316.0 | ||
| 007 | tu | ||
| 008 | 210421s2019 xx |||| | u00||u|ger c | ||
| 035 | |a (DE-599)HEB478353545 | ||
| 040 | |a DE-603 |b ger |c DE-603 |d DE-603 |e rda | ||
| 041 | |a ger | ||
| 100 | 1 | |a Cordes, Albrecht |d 1958- |e Verfasser |4 aut |0 (DE-603)184760569 |0 (DE-588)132681226 |2 gnd | |
| 245 | 0 | 0 | |a Elbinger Kodex des lübischen Rechts |c Albrecht Cordes |
| 264 | 0 | |c 2019 | |
| 300 | |b 1 Illustration | ||
| 336 | |a Text |b txt |2 rdacontent | ||
| 337 | |a ohne Hilfsmittel zu benutzen |b n |2 rdamedia | ||
| 338 | |a Band |b nc |2 rdacarrier | ||
| 648 | 7 | |a Geschichte 1225-1270 |2 gnd | |
| 650 | 7 | |a Lübisches Recht |0 (DE-588)4491803-3 |0 (DE-603)089116305 |2 gnd | |
| 651 | 7 | |a Elbląg |0 (DE-588)1028071-6 |0 (DE-603)042042631 |2 gnd | |
| 773 | 0 | 8 | |i Enthalten in |t Faszination Stadt |d Dresden : Sandstein Verlag, [2019] |h 807 Seiten, Illustrationen, Karten |z 9783954984534 |z 3954984539 |g (2019), Seite 160-161 |w (DE-603)450579158 |
| 924 | 0 | |9 2080 |a (DE-603)115008524X |b DE-2080 |c HES |d d |g / | |


